Countries Kassym-Jomart Tokayev has Visited - Statistics

General Stats
  • This quiz has been taken 40 times
    21 since last reset
  • The average score is 13 of 15
Answer Stats
Continent Country % Correct
Asia Armenia
100%
Asia Azerbaijan
100%
Asia China
100%
Asia/ Europe Russia
100%
Asia Tajikistan
100%
Asia/ Europe Turkey
100%
Asia Iran
92%
Asia Kyrgyzstan
92%
Asia Turkmenistan
92%
Asia Uzbekistan
85%
Asia United Arab Emirates
77%
Europe Germany
62%
Asia Qatar
62%
Asia Saudi Arabia
62%
Asia South Korea
62%
No matching quizzes found
Score Distribution
Percent of People with Each Score
Percentile by Number Answered
Your Score History
You have not taken this quiz since the last reset